L'œuvre d'art et sa reproduction /
Saved in:
| Corporate Author: | |
|---|---|
| Other Authors: | , |
| Format: | Book |
| Language: | French |
| Published: |
Paris : Milan :
Musée d'Orsay ; 5 continents,
c2006.
|
| Series: | Photographie au musée d'Orsay ;
7. |
| Subjects: | |
| Tags: |
Add Tag
No Tags, Be the first to tag this record!
|
| LEADER | 01483cam a2200361 i 4500 | ||
|---|---|---|---|
| 001 | 010206830-5 | ||
| 005 | 20070112115703.0 | ||
| 008 | 060628s2006 it a bc 000 0 fre d | ||
| 020 | |a 8874393253 (5 Continents) | ||
| 020 | |a 2905724439 (Musée d'Orsay) | ||
| 035 | |a (MWiCA)b11739873 | ||
| 040 | |a TZT |c TZT |d MWICA | ||
| 043 | |a e------ | ||
| 072 | 7 | |a N |2 lcco | |
| 082 | 1 | 4 | |a 770 |2 1 |
| 110 | 2 | |a Musée d'Orsay. | |
| 245 | 1 | 2 | |a L'œuvre d'art et sa reproduction / |c Dominique de Font-Réaulx, Joëlle Bolloch. |
| 246 | 1 | |i Exhibition title: |a Œuvre d'art et sa reproduction photographique. | |
| 260 | |a Paris : |b Musée d'Orsay ; |a Milan : |b 5 continents, |c c2006. | ||
| 300 | |a 31, [63] p. : |b ill. (some col.) ; |c 16 x 16 cm. | ||
| 490 | 1 | |a La photographie au musée d'Orsay ; |v 7. | |
| 500 | |a Published in conjunction with the exhibition "L'œuvre d'art et sa reproduction photographique" held in Paris at the Musée d'Orsay, June 27-Sept. 24, 2006. | ||
| 504 | |a Includes bibliographical references (p. 31) | ||
| 610 | 2 | 0 | |a Musée d'Orsay |x Photograph collections |v Exhibitions. |
| 650 | 0 | |a Photograph collections |z France |z Paris |v Exhibitions. | |
| 650 | 0 | |a Photography of art |y 19th century |v Exhibitions. | |
| 650 | 0 | |a Photography |z Europe |y 19th century |v Exhibitions. | |
| 650 | 0 | |a Art and photography |v Exhibitions. | |
| 700 | 1 | |a Font-Réaulx, Dominique de. | |
| 700 | 1 | |a Bolloch, Joëlle. | |
| 830 | 0 | |a Photographie au musée d'Orsay ; |v 7. | |
| 988 | |a 20070112 | ||
| 906 | |0 OCLC | ||


